<?xml version="1.0" encoding="UTF-8"?>
<collection xmlns="http://www.loc.gov/MARC21/slim">
 <record>
  <leader>01476nam a2200193Ia 4500</leader>
  <controlfield tag="001">CTU_19502</controlfield>
  <controlfield tag="008">210402s9999    xx            000 0 und d</controlfield>
  <datafield tag="082" ind1=" " ind2=" ">
   <subfield code="a">332.642</subfield>
  </datafield>
  <datafield tag="082" ind1=" " ind2=" ">
   <subfield code="b">Qu250</subfield>
  </datafield>
  <datafield tag="100" ind1=" " ind2=" ">
   <subfield code="a">Nguyễn Trần Quế [ et al.]</subfield>
  </datafield>
  <datafield tag="245" ind1=" " ind2="0">
   <subfield code="a">Thị trường chứng khoán</subfield>
  </datafield>
  <datafield tag="245" ind1=" " ind2="0">
   <subfield code="b">Phương thức hoạt động và kinh doanh</subfield>
  </datafield>
  <datafield tag="245" ind1=" " ind2="0">
   <subfield code="c">Nguyễn Trần Quế [ et al.]</subfield>
  </datafield>
  <datafield tag="260" ind1=" " ind2=" ">
   <subfield code="a">Hà Nội</subfield>
  </datafield>
  <datafield tag="260" ind1=" " ind2=" ">
   <subfield code="b">Thống kê</subfield>
  </datafield>
  <datafield tag="260" ind1=" " ind2=" ">
   <subfield code="c">1996</subfield>
  </datafield>
  <datafield tag="520" ind1=" " ind2=" ">
   <subfield code="a">Sách cung cấp những kiến thức cơ bản về thị trường chứng khoán như: Lịch sử hình thành thị trường chứng; Vai trò, chức năng của TTCK, Những khía cạnh tiêu cực của TTCK và vai trò của chính phủ; Những yếu tố ảnh hưởng đến TTCK; Quá trình quốc tế hóa TTCK; Nguyên tắc căn bản về hoạt động và cơ cấu thành phần của TTCK; Các loại TTCK và phương thức hoạt động. Sách cũng giới thiệu các TTCK chủ yếu trên thế giới Mỹ, Tây Âu, Đông Âu, Trung Quốc, Tokyo, Hàn Quốc, Thái Lan. Tiếp theo, là vấn đề xây dựng TTCK ở nước ta. Và sau cùng, sách bà về vần đề kinh doanh trên TTCK</subfield>
  </datafield>
  <datafield tag="650" ind1=" " ind2=" ">
   <subfield code="a">bank marketing,stock exchanges</subfield>
  </datafield>
  <datafield tag="980" ind1=" " ind2=" ">
   <subfield code="a">Trung tâm Học liệu Trường Đại học Cần Thơ</subfield>
  </datafield>
 </record>
</collection>
